书目信息 |
| 题名: |
谈构图
|
|
| 作者: | 张千一 著 | |
| 分册: | ||
| 出版信息: | 上海 上海人民美术出版社 1983 |
|
| 页数: | 143页 | |
| 开本: | 21cm | |
| 丛书名: | ||
| 单 册: | ||
| 中图分类: | J206.1 | |
| 科图分类: | ||
| 主题词: | 绘画理论-构图学 , 构图学-绘画理论 | |
| 电子资源: | ||
| ISBN: | ||
| 000 | 00845nam0 2200253 45 | |
| 001 | 0183010321 | |
| 005 | 20060414090421.95 | |
| 010 | @dCNY0.56 | |
| 091 | @a8081.13066 | |
| 100 | @a19950525d1983 em y0chiy0121 ea | |
| 101 | 0 | @achi |
| 102 | @aCN@b310000 | |
| 105 | @af z 000yy | |
| 200 | 10 | @a谈构图@Atan gou tu@e献给勇于艺术探索的青年朋友们@EXian Gei Yong Yu Yi Shu Tan Suo De Qing Nian Peng You Men@f张千一著@Fzhang qian yi zhu |
| 210 | @a上海@c上海人民美术出版社@d1983 | |
| 215 | @a143页@c图@d21cm | |
| 517 | @a献给勇于艺术探索的青年朋友们@AXian Gei Yong Yu Yi Shu Tan Suo De Qing Nian Peng You Men | |
| 606 | @a绘画理论-构图学 | |
| 606 | @a构图学-绘画理论 | |
| 690 | @aJ206.1@v3 | |
| 701 | 0 | @a张千一@Azhang qian yi@4著 |
| 801 | 2 | @aCN@bNLC@c20060414 |
| 801 | 0 | @aCN@b上海图书馆@c20040513 |
| 905 | @f2@b178517-518@dJ206.1@e50 | |
| 谈构图:献给勇于艺术探索的青年朋友们/张千一著.-上海:上海人民美术出版社,1983 |
| 143页:图;21cm |
| ISBN :CNY0.56 |
| ● |
| 相关链接 |
|
|
|
|
正题名:谈构图
索取号:J206.1/50
 
预约/预借
| 序号 | 登录号 | 条形码 | 馆藏地/架位号 | 状态 | 备注 |
| 1 | 0178517 | 001214091 | 第一借阅区/ [索取号:J206.1/50] | 在馆 | |
| 2 | 0178518 | 001214108 | 第一样本阅览室/ [索取号:J206.1/50] | 在馆 | |
| 3 | 0178519 | 202259171 | 密集书库/ [索取号:J206.1/50] | 在馆 |